Airlines That Serve Omaha (OMA) - Statistics

General Stats
  • This quiz has been taken 37 times
  • The average score is 7 of 10
Answer Stats
Country Answer % Correct
USA American Airlines
97%
USA Delta Air Lines
87%
USA Southwest Airlines
84%
USA Frontier Airlines
77%
USA United Airlines
77%
USA Alaska Airlines
71%
USA Allegiant Air
58%
USA American Eagle
58%
USA Delta Connection
52%
USA United Express
52%
No matching quizzes found
Score Distribution
Percent of People with Each Score
Percentile by Number Answered
Your Score History
You have not taken this quiz